Calgary Flames 2025-2026 Roster - Statistics

General Stats
  • This quiz has been taken 37 times
  • The average score is 16 of 25
Answer Stats
Jersey # Pos Player % Correct
32 G Dustin Wolf
100%
10 LW Jonathan Huberdeau
100%
11 C Mikael Backlund
95%
91 C Nazem Kadri
95%
4 D Rasmus Andersson
90%
52 D MacKenzie Weegar
86%
20 LW Blake Coleman
81%
1 G Devin Cooley
76%
7 D Kevin Bahl
76%
16 C Morgan Frost
71%
19 D Zayne Parekh
71%
47 C Connor Zary
67%
86 LW Joel Farabee
67%
27 RW Matt Coronato
67%
43 RW Adam Klapka
57%
70 LW Ryan Lomberg
57%
17 C Yegor Sharangovich
57%
24 D Jake Bean
52%
44 D Joel Hanley
43%
23 C Justin Kirkland
43%
62 D Daniil Miromanov
38%
76 C Martin Pospisil
38%
29 LW Samuel Honzek
38%
94 D Brayden Pachal
33%
92 RW Matvei Gridin
29%
No matching quizzes found
Score Distribution
Percent of People with Each Score
Percentile by Number Answered
Your Score History
You have not taken this quiz